000 00533nam a2200229Ia 4500
003 OSt
005 20220912144327.0
006 a|||||r|||| 00| 0
007 ta
008 220909b |||||||| |||| 00| 0 eng d
020 _aSL011
024 _a195587
037 _cTextual
040 _aCSL
_beng
_cCSL
041 _aeng
082 _aE9, N7;2
100 _aTorssell KBG
245 0 _aNatural product chemistry
700 _aTorssell KBG
942 _hE9, N7;2
_cTEXL
_2CC
999 _c5017
_d5017